| 000 | 00375nam a2200145Ia 4500 | ||
|---|---|---|---|
| 008 | 230917s9999||||xx |||||||||||||| ||und|| | ||
| 040 |
_e76119 _aMAIN |
||
| 041 | _aEnglish | ||
| 082 | _a658.8 E46M | ||
| 100 | _aEnis, Ben M | ||
| 245 | 0 | _aMarketing classics: a selection of influential articles | |
| 260 |
_a5th _bBoston _cAllyn and Bacon |
||
| 300 | _a1985 p. | ||
| 942 | _cBK | ||
| 999 |
_c59723 _d59723 |
||